00879nam a2200253Ia 450000500170000000800410001702000180005808200160007610000290009224500820012125000180020330000250022149000130024653400510025965000370031065000470034765000530039470000250044726400300047233600270050233700330052933800280056204000350059020220317001536.0161108s2007 s g 000 0 s  a978844931958704a940.1bD81e1 aDuby, Georgesd1919-199610aEuropa en la Edad MediacGeorges Duby ; traducción de Luis Monreal y Tejada a1a. edición a224 páginasc21 cm aBolsillo tL'Eurepo au Moyen Age. Art roman, art gothique142LEMBaArtevHistoriavEdad media142LEMBaEdad mediavVida social y costumbres142LEMBaÉpoca medievalvVida social y costumbres1 aMonreal Tejada, Luis aBarcelonabPaidósc2007 atextobtxt2rdacontent asin mediaciónbn2rdamedia avolumenbnc2rdacarrier aCO-BoRNBPbspaerdacCO-BoRNBP